| 000 | 01216nam a22003735i 4500 | ||
|---|---|---|---|
| 999 |
_c9577 _d9577 |
||
| 003 | EG-ScBUE | ||
| 005 | 20201101100942.0 | ||
| 008 | 200219t19931993nyua f b 001 0ceng d | ||
| 020 | _a0065009657 (v. 2) | ||
| 020 | _a9780065009651 (v. 2) | ||
| 040 |
_aEG-ScBUE _beng _erda _cEG-ScBUE _dEG-ScBUE |
||
| 082 | 0 | 4 |
_a810.8 _bHAR _222 |
| 245 | 0 | 4 |
_aThe Harper American literature / _cDonald McQuade, general editor, University of California, Berkeley [and seven other]. |
| 250 | _aSecond edition. | ||
| 264 | 1 |
_aNew York : _bHarperCollins College Publishers, _c[1993] |
|
| 264 | 4 | _cc1993 | |
| 300 |
_a1 volume : _billustrations ; _c24 cm |
||
| 336 |
_atext _btxt _2rdacontent |
||
| 337 |
_aunmediated _bn _2rdamedia |
||
| 338 |
_avolume _bnc _2rdacarrier |
||
| 500 | _aIncludes indexes. | ||
| 650 | 7 |
_aAmerican literature. _2BUEsh |
|
| 651 | _2BUEsh | ||
| 653 | _bHHUUEENN | ||
| 700 | 1 |
_aMcQuade, Donald, _eeditor. |
|
| 700 | 1 |
_aAtwan, Robert, _eeditor. |
|
| 700 | 1 |
_aBanta, Martha, _eeditor. |
|
| 700 | 1 |
_aKaplan, Justin, _eeditor. |
|
| 700 | 1 |
_aMinter, David, _eeditor. |
|
| 700 | 1 |
_aStepto, Robert, _eeditor. |
|
| 700 | 1 |
_aTichi, Cecelia, _eeditor. |
|
| 700 | 1 |
_aVendler, Helen, _eeditor. |
|
| 942 |
_cBB _2ddc |
||